Get the balance right: Institutional change in Slovakia during EU accession and membership

Snaha vlády V. Mečiara ovládať parlament - výčitky zo strany Európskej únie. Vláda a legislatíva v slovenskej ústave - dokument a realita. Legislatívne aktivity v rokoch 1994-2006. Rok 2001 - dodatok ústavy - dimenzia EÚ. Nariadenia vlády v oblasti aproximácie práva. Ústavný zákon o kooperácii medzi...

Descrizione completa

Salvato in:
Dettagli Bibliografici
Autore principale: Láštic, Erik
Natura: Capitolo di libro
Lingua:inglese
Soggetti:
Tags: Aggiungi Tag
Nessun Tag, puoi essere il primo ad aggiungerne!!

MARC

LEADER 00000naa$a2200000$$$4500
001 0052204
005 20231102115934.5
041 0 |a eng 
044 |a SK 
245 1 0 |a Get the balance right: Institutional change in Slovakia during EU accession and membership  |c Erik Láštic 
520 |a Snaha vlády V. Mečiara ovládať parlament - výčitky zo strany Európskej únie. Vláda a legislatíva v slovenskej ústave - dokument a realita. Legislatívne aktivity v rokoch 1994-2006. Rok 2001 - dodatok ústavy - dimenzia EÚ. Nariadenia vlády v oblasti aproximácie práva. Ústavný zákon o kooperácii medzi vládou a parlamentom v oblasti záležitostí EÚ. 
610 2 0 |a integrácia ekonomická medzinárodná 
610 2 0 |a vláda 
610 2 0 |a parlamenty 
610 2 0 |a ústava 
610 2 0 |a legislatíva 
610 2 0 |a Slovensko 
610 2 0 |a Európska únia 
100 1 |a Láštic, Erik